All Raya and the Last Dragon Characters By Screen Time - Statistics

General Stats
  • This quiz has been taken 3 times
  • The average score is 7 of 19
Answer Stats
% Of Movie Screen Time Answer % Correct
51.03 54:50 Raya
100%
10.02 10:46 Boun
67%
9.21 9:54 Chief Benja
67%
17.51 18:49 Namaari
67%
8.24 8:51 Noi
67%
27.81 29:53 Sisu
67%
9.34 10:02 Tong
67%
14.05 15:06 Tuk Tuk
67%
1.18 1:16 Dang Hu
33%
1.32 1:25 Jagan
33%
2.14 2:18 Pengu
33%
1.18 1:16 Pranee
33%
1.27 1:22 Ambaa
0%
4.33 4:39 Chief Virana
0%
6.14 6:36 Dyan
0%
3.78 4:04 General Atitaya
0%
6.27 6:44 Pan
0%
1.95 2:06 Tail Chief
0%
6.14 6:36 Uka
0%
No matching quizzes found
Score Distribution
Percent of People with Each Score
Percentile by Number Answered
Your Score History
You have not taken this quiz